000 00555nam a2200205Ia 4500
005 20250326143826.0
008 250326s9999 xx 000 0 und d
020 _a0-395-90817-5
037 _aTextbook
040 _aFMSL
_beng
_cFMSL
041 _aeng
_2eng
084 _aX:9 N9
_qFMSL
100 _aFisher C D
_9748580
245 0 _aHuman resource management
_cFisher C D; Schoenfeldt L F And Others
250 _a4
260 _aNY
_bNY, Houghton Mifflin
_c1999
300 _a889p
942 _cTB
_hX:9 N9
999 _c1301216
_d1301216